Planicies de inundación en una cuenca urbana con información limitada : ejemplo, la Quebrada Pavas

में बचाया:
ग्रंथसूची विवरण
मुख्य लेखक: Romero Brenes, Javier
स्वरूप: पुस्तक
प्रकाशित: San José, Costa Rica 1992
विषय:
टैग: टैग जोड़ें
कोई टैग नहीं, इस रिकॉर्ड को टैग करने वाले पहले व्यक्ति बनें!

MARC

LEADER 00000nam a2200000Ia 4500
003 005366
005 20221231144324.0
008 140114s1991 cr a m 000 ||s d
040 |c cru CEDI 
090 |a TFG 2560 
100 |a Romero Brenes, Javier  |9 12525 
245 |a Planicies de inundación en una cuenca urbana con información limitada : ejemplo, la Quebrada Pavas  
260 |c 1992  |a San José, Costa Rica 
300 |a  v, [121] hojas : ilustraciones (1 plegables) ; 28 cm.  
500 |a Proyecto de graduación (licenciatura en ingeniería civil)--Universidad de Costa Rica. Facultad de Ingeniería. Escuela de Ingeniería Civil 
650 |x HIDROLOGIA URBANA  |9 12526 
942 |c TFG 
999 |c 20140  |d 20140